000
00293nam a22001337a 4500
008
170614b xxu||||| |||| 00| 0 eng d
020
_a
0275892603
041
_a
eng
080
_a
94(4)
100
_a
17
101
_a
SHH
245
_a
A HISTORY OF SOVIET RUSSIA
_c
ULAM,A.B
942
_2
udc
_c
BK
999
_c
17280
_d
17280